[Event "FIDE Women World-chT-KO 2021"]
[Site "Sitges"]
[Date "2021.10.01"]
[Round "2.2"]
[White "Muzychuk, Anna"]
[Black "Goryachkina, Aleksandra"]
[Result "0-1"]
[WhiteElo "2534"]
[BlackElo "2608"]
[Annotator "ChessBase"]
[PlyCount "122"]
[EventDate "2021.09.30"]
[EventType "team-tourn"]
[EventCountry "ESP"]
[SourceTitle "playchess.com"]
[Source "ChessBase"]
[SourceQuality "1"]
[WhiteTeam "Ukraine"]
[BlackTeam "Russia"]
[WhiteTeamCountry "UKR"]
[BlackTeamCountry "RUS"]
[TimeControl "2700+10"]

1. e4 {[%emt 0:00:02]} e5 {[%emt 0:00:04]} 2. Nf3 {[%emt 0:00:03]} Nc6 {
[%emt 0:00:02]} 3. d4 {[%emt 0:00:02]} exd4 {[%emt 0:00:09]} 4. Nxd4 {[%emt 0:
00:02]} Nf6 {[%emt 0:00:28]} 5. Nxc6 {[%emt 0:00:03]} bxc6 {[%emt 0:00:07]} 6.
e5 {[%emt 0:00:02]} Qe7 {[%emt 0:00:16]} 7. Qe2 {[%emt 0:00:01]} Nd5 {[%emt 0:
00:03]} 8. g3 {[%emt 0:00:05]} a5 {[%emt 0:04:16]} 9. Bg2 {[%emt 0:07:41]} Nb6
{[%emt 0:00:37]} 10. b3 {[%emt 0:01:19]} a4 {[%emt 0:01:06]} 11. Ba3 {[%emt 0:
03:40]} Qe6 {[%emt 0:02:24]} 12. Bxf8 {[%emt 0:02:19]} Rxf8 {[%emt 0:01:39]}
13. Nc3 {[%emt 0:04:56]} axb3 {[%emt 0:02:23]} 14. cxb3 {[%emt 0:00:02]} Ba6 {
[%emt 0:02:32]} 15. Qe4 {[%emt 0:02:37]} O-O-O {[%emt 0:05:12]} 16. O-O-O {
[%emt 0:00:13]} f6 {[%emt 0:00:27]} 17. f4 {[%emt 0:01:03]} fxe5 {[%emt 0:00:
58]} 18. Qxe5 {[%emt 0:00:02]} Qxe5 {[%emt 0:02:29]} 19. fxe5 {[%emt 0:00:01]}
Rde8 {[%emt 0:00:32]} 20. Rhe1 {[%emt 0:00:07]} Rf5 {[%emt 0:00:31]} 21. e6 {
[%emt 0:00:14]} Rxe6 {[%emt 0:00:36]} 22. Rxe6 {[%emt 0:00:05]} dxe6 {[%emt 0:
00:01]} 23. Be4 {[%emt 0:02:03]} Rh5 {[%emt 0:01:24]} 24. Rd2 {[%emt 0:02:16]}
h6 {[%emt 0:01:07]} 25. Rf2 {[%emt 0:02:55]} Kb7 {[%emt 0:02:32]} 26. Kd2 {
[%emt 0:01:48]} Nd5 {[%emt 0:01:28]} 27. Bc2 {[%emt 0:03:59]} Nxc3 {[%emt 0:03:
00]} 28. Kxc3 {[%emt 0:00:01]} Kb6 {[%emt 0:00:22]} 29. Be4 {[%emt 0:01:54]} c5
{[%emt 0:00:37]} 30. Rf8 {[%emt 0:06:10]} c6 {[%emt 0:01:29]} 31. Rf2 {[%emt 0:
00:37]} Re5 {[%emt 0:00:18]} 32. Bg6 {[%emt 0:00:25]} Re1 {[%emt 0:00:49]} 33.
Bf7 {[%emt 0:01:03]} c4 {[%emt 0:02:55]} 34. bxc4 {[%emt 0:01:38]} Kc5 {
[%emt 0:00:07]} 35. Rf4 {[%emt 0:00:26]} g5 {[%emt 0:00:50]} 36. Rg4 {[%emt 0:
00:32]} Re3+ {[%emt 0:02:37]} 37. Kd2 {[%emt 0:00:01]} Ra3 {[%emt 0:00:08]} 38.
h4 {[%emt 0:00:20]} Bxc4 {[%emt 0:00:41]} 39. hxg5 {[%emt 0:00:10]} hxg5 {
[%emt 0:00:02]} 40. Rxg5+ {[%emt 0:00:04]} Kd6 {[%emt 0:00:09]} 41. Rg8 {
[%emt 0:00:25]} Rxa2+ {[%emt 0:00:07]} 42. Ke3 {[%emt 0:00:02]} Ke5 {[%emt 0:
00:20]} 43. Rg5+ {[%emt 0:00:20]} Kf6 {[%emt 0:00:21]} 44. Rc5 {[%emt 0:00:01]}
Ra3+ {[%emt 0:00:49]} 45. Kf2 {[%emt 0:00:18]} Bd5 {[%emt 0:00:13]} 46. Bh5 {
[%emt 0:00:02]} Ke5 {[%emt 0:00:06]} 47. Rc1 {[%emt 0:00:17]} Ra2+ {[%emt 0:00:
55]} 48. Be2 {[%emt 0:00:02]} Ke4 {[%emt 0:00:15]} 49. g4 {[%emt 0:00:24]} Kf4
{[%emt 0:00:05]} 50. Rc3 {[%emt 0:00:08]} e5 {[%emt 0:00:24]} 51. Ke1 {[%emt 0:
00:11]} e4 {[%emt 0:00:13]} 52. Kf2 {[%emt 0:00:03]} Rb2 {[%emt 0:00:35]} 53.
Ke1 {[%emt 0:00:27]} e3 {[%emt 0:00:26]} 54. Rc1 {[%emt 0:00:06]} Rb8 {[%emt 0:
00:29]} 55. Kd1 {[%emt 0:00:16]} Be4 {[%emt 0:00:08]} 56. Rc5 {[%emt 0:00:11]}
Rd8+ {[%emt 0:00:13]} 57. Ke1 {[%emt 0:00:04]} Rh8 {[%emt 0:00:09]} 58. Rh5 {
[%emt 0:00:10]} Ra8 {[%emt 0:00:04]} 59. Rc5 {[%emt 0:00:19]} Ra1+ {[%emt 0:00:
13]} 60. Bd1 {[%emt 0:00:00]} Bd3 {[%emt 0:00:28]} 61. Rc3 {[%emt 0:00:14]} Bb5
{[%emt 0:00:13]} 0-1

[Event "FIDE Women World-chT-KO 2021"]
[Site "Sitges"]
[Date "2021.10.01"]
[Round "2.2"]
[White "Kosteniuk, Alexandra"]
[Black "Muzychuk, Mariya"]
[Result "0-1"]
[WhiteElo "2526"]
[BlackElo "2540"]
[Annotator "ChessBase"]
[PlyCount "96"]
[EventDate "2021.09.30"]
[EventType "team-tourn"]
[EventCountry "ESP"]
[SourceTitle "playchess.com"]
[Source "ChessBase"]
[SourceQuality "1"]
[WhiteTeam "Russia"]
[BlackTeam "Ukraine"]
[WhiteTeamCountry "RUS"]
[BlackTeamCountry "UKR"]
[TimeControl "2700+10"]

1. e4 {[%emt 0:00:03]} c5 {[%emt 0:00:02]} 2. Nf3 {[%emt 0:00:01]} e6 {[%emt 0:
00:04]} 3. c3 {[%emt 0:00:02]} d5 {[%emt 0:00:07]} 4. e5 {[%emt 0:00:02]} d4 {
[%emt 0:00:25]} 5. Na3 {[%emt 0:00:04]} Nc6 {[%emt 0:00:34]} 6. Bd3 {[%emt 0:
00:05]} f5 {[%emt 0:05:02]} 7. h4 {[%emt 0:01:10]} Nh6 {[%emt 0:00:21]} 8. Bb5
{[%emt 0:01:23]} Bd7 {[%emt 0:02:43]} 9. d3 {[%emt 0:00:07]} Ng4 {[%emt 0:01:
55]} 10. Bf4 {[%emt 0:05:47]} a6 {[%emt 0:00:17]} 11. Ba4 {[%emt 0:00:14]} b5 {
[%emt 0:00:23]} 12. Bc2 {[%emt 0:00:13]} dxc3 {[%emt 0:00:17]} 13. bxc3 {
[%emt 0:00:02]} c4 {[%emt 0:00:13]} 14. Nb1 {[%emt 0:00:15]} cxd3 {[%emt 0:00:
24]} 15. Bxd3 {[%emt 0:00:06]} Bc5 {[%emt 0:00:30]} 16. O-O {[%emt 0:00:28]}
Qb6 {[%emt 0:01:10]} 17. Qe2 {[%emt 0:00:29]} Ne7 {[%emt 0:02:35]} 18. Bg3 {
[%emt 0:06:35]} Nd5 {[%emt 0:00:18]} 19. Nh2 {[%emt 0:06:49]} Nxh2 {[%emt 0:03:
06]} 20. Bxh2 {[%emt 0:00:03]} O-O {[%emt 0:00:07]} 21. Rc1 {[%emt 0:00:56]}
Rac8 {[%emt 0:01:12]} 22. Rc2 {[%emt 0:01:36]} Rfd8 {[%emt 0:02:31]} 23. Kf1 {
[%emt 0:05:04]} Be7 {[%emt 0:07:31]} 24. Bg3 {[%emt 0:00:17]} a5 {[%emt 0:00:
31]} 25. a3 {[%emt 0:00:33]} Be8 {[%emt 0:00:58]} 26. Raa2 {[%emt 0:01:53]} Rc5
{[%emt 0:05:36]} 27. Rc1 {[%emt 0:01:06]} Rdc8 {[%emt 0:01:49]} 28. Rac2 {
[%emt 0:00:05]} R5c7 {[%emt 0:01:02]} 29. Kg1 {[%emt 0:01:28]} Rc5 {[%emt 0:03:
41]} 30. Qe1 {[%emt 0:02:35]} Qc7 {[%emt 0:01:30]} 31. c4 {[%emt 0:00:26]} bxc4
{[%emt 0:00:16]} 32. Rxc4 {[%emt 0:00:02]} Qb6 {[%emt 0:00:21]} 33. Nd2 {
[%emt 0:00:45]} Rxc4 {[%emt 0:00:24]} 34. Rxc4 {[%emt 0:00:38]} Rb8 {[%emt 0:
00:10]} 35. Rc1 {[%emt 0:04:56]} Bxa3 {[%emt 0:00:30]} 36. Nc4 {[%emt 0:00:02]}
Qd4 {[%emt 0:00:18]} 37. Nxa3 {[%emt 0:01:50]} Qxd3 {[%emt 0:00:01]} 38. Qxa5 {
[%emt 0:00:02]} f4 {[%emt 0:00:07]} 39. Bh2 {[%emt 0:00:02]} f3 {[%emt 0:00:05]
} 40. Bg3 {[%emt 0:01:37]} fxg2 {[%emt 0:00:05]} 41. Nc4 {[%emt 0:00:19]} Rc8 {
[%emt 0:01:32]} 42. Qa6 {[%emt 0:00:53]} Rc6 {[%emt 0:00:01]} 43. Qa8 {[%emt 0:
00:51]} Nc7 {[%emt 0:00:00]} 44. Qa4 {[%emt 0:00:10]} Qe4 {[%emt 0:00:35]} 45.
Qb4 {[%emt 0:00:14]} h6 {[%emt 0:00:16]} 46. Kh2 {[%emt 0:00:18]} Bh5 {[%emt 0:
00:02]} 47. Qb8+ {[%emt 0:00:09]} Kh7 {[%emt 0:00:02]} 48. Qb2 Rxc4 {[%emt 0:
00:14]} 0-1

[Event "FIDE Women World-chT-KO 2021"]
[Site "Sitges"]
[Date "2021.10.01"]
[Round "2.2"]
[White "Harika, Dronavalli"]
[Black "Dzagnidze, Nana"]
[Result "1/2-1/2"]
[WhiteElo "2511"]
[BlackElo "2525"]
[Annotator "ChessBase"]
[PlyCount "85"]
[EventDate "2021.09.30"]
[EventType "team-tourn"]
[EventCountry "ESP"]
[SourceTitle "playchess.com"]
[Source "ChessBase"]
[SourceQuality "1"]
[WhiteTeam "India"]
[BlackTeam "Georgia"]
[WhiteTeamCountry "IND"]
[BlackTeamCountry "GEO"]
[TimeControl "2700+10"]

1. e4 {[%emt 0:00:03]} c6 {[%emt 0:00:04]} 2. d4 {[%emt 0:00:11]} d5 {[%emt 0:
00:02]} 3. exd5 {[%emt 0:00:03]} cxd5 {[%emt 0:00:03]} 4. Nf3 {[%emt 0:00:02]}
Nf6 {[%emt 0:00:42]} 5. c3 {[%emt 0:01:16]} Nc6 {[%emt 0:00:17]} 6. Bf4 {
[%emt 0:01:19]} g6 {[%emt 0:03:17]} 7. Be2 {[%emt 0:00:59]} Bg7 {[%emt 0:00:14]
} 8. O-O {[%emt 0:01:11]} O-O {[%emt 0:00:25]} 9. h3 {[%emt 0:01:46]} Ne4 {
[%emt 0:03:10]} 10. Nbd2 {[%emt 0:00:50]} Bf5 {[%emt 0:00:49]} 11. Re1 {
[%emt 0:02:21]} a6 {[%emt 0:07:52]} 12. Bf1 {[%emt 0:02:34]} Qb6 {[%emt 0:02:
44]} 13. Qb3 {[%emt 0:01:06]} Qxb3 {[%emt 0:00:09]} 14. Nxb3 {[%emt 0:00:35]}
h6 {[%emt 0:06:33]} 15. Ne5 {[%emt 0:01:49]} Bxe5 {[%emt 0:01:30]} 16. dxe5 {
[%emt 0:03:41]} g5 {[%emt 0:00:26]} 17. Bh2 {[%emt 0:02:47]} b6 {[%emt 0:00:12]
} 18. Rad1 {[%emt 0:01:24]} e6 {[%emt 0:02:18]} 19. Nd4 {[%emt 0:01:17]} Ne7 {
[%emt 0:00:02]} 20. Nxf5 {[%emt 0:01:30]} Nxf5 {[%emt 0:00:34]} 21. c4 {
[%emt 0:00:56]} Rfd8 {[%emt 0:00:27]} 22. cxd5 {[%emt 0:00:20]} Rxd5 {[%emt 0:
02:35]} 23. Rxd5 {[%emt 0:00:09]} exd5 {[%emt 0:00:01]} 24. Bd3 {[%emt 0:00:02]
} Nd4 {[%emt 0:00:24]} 25. Bxe4 {[%emt 0:01:19]} dxe4 {[%emt 0:00:02]} 26. Rxe4
{[%emt 0:00:07]} Rc8 {[%emt 0:00:03]} 27. Bg3 {[%emt 0:00:21]} Rc1+ {[%emt 0:
03:00]} 28. Kh2 {[%emt 0:00:02]} Rd1 {[%emt 0:01:50]} 29. h4 {[%emt 0:00:43]}
Kh7 {[%emt 0:00:02]} 30. hxg5 {[%emt 0:01:05]} hxg5 {[%emt 0:00:02]} 31. Rg4 {
[%emt 0:00:45]} Kg6 {[%emt 0:00:33]} 32. f4 {[%emt 0:01:45]} Ne6 {[%emt 0:00:
04]} 33. fxg5 {[%emt 0:00:05]} Rd2 {[%emt 0:00:13]} 34. Rb4 {[%emt 0:00:53]} b5
{[%emt 0:00:05]} 35. a4 bxa4 {[%emt 0:01:24]} 36. Rxa4 {[%emt 0:00:57]} Rxb2 {
[%emt 0:00:16]} 37. Rxa6 {[%emt 0:00:03]} Kxg5 {[%emt 0:01:03]} 38. Ra7 {
[%emt 0:00:40]} Kg6 {[%emt 0:00:06]} 39. Ra6 {[%emt 0:00:19]} Rc2 {[%emt 0:01:
43]} 40. Ra4 {[%emt 0:00:39]} Kf5 {[%emt 0:01:40]} 41. Ra1 {[%emt 0:00:53]} Rc4
{[%emt 0:00:17]} 42. Rf1+ {[%emt 0:01:02]} Nf4 {[%emt 0:01:15]} 43. Bxf4 {
[%emt 0:01:36]} 1/2-1/2

[Event "FIDE Women World-chT-KO 2021"]
[Site "Sitges"]
[Date "2021.10.01"]
[Round "2.2"]
[White "Shuvalova, Polina"]
[Black "Buksa, Nataliya"]
[Result "1-0"]
[WhiteElo "2510"]
[BlackElo "2417"]
[Annotator "ChessBase"]
[PlyCount "155"]
[EventDate "2021.09.30"]
[EventType "team-tourn"]
[EventCountry "ESP"]
[SourceTitle "playchess.com"]
[Source "ChessBase"]
[SourceQuality "1"]
[WhiteTeam "Russia"]
[BlackTeam "Ukraine"]
[WhiteTeamCountry "RUS"]
[BlackTeamCountry "UKR"]
[TimeControl "2700+10"]

1. e4 {[%emt 0:00:03]} c5 {[%emt 0:00:02]} 2. Nf3 {[%emt 0:00:02]} Nc6 {
[%emt 0:00:02]} 3. Bb5 {[%emt 0:00:02]} g6 {[%emt 0:00:03]} 4. O-O {[%emt 0:00:
03]} Bg7 {[%emt 0:00:01]} 5. c3 {[%emt 0:00:08]} Nf6 {[%emt 0:00:37]} 6. Re1 {
[%emt 0:00:03]} O-O {[%emt 0:00:02]} 7. d4 {[%emt 0:00:04]} d5 {[%emt 0:00:01]}
8. e5 {[%emt 0:00:03]} Ne4 {[%emt 0:00:01]} 9. Be3 {[%emt 0:00:07]} Qb6 {
[%emt 0:00:49]} 10. Bxc6 {[%emt 0:00:11]} Qxc6 {[%emt 0:02:55]} 11. dxc5 {
[%emt 0:00:14]} Nxc5 {[%emt 0:02:57]} 12. Na3 {[%emt 0:00:06]} b6 {[%emt 0:03:
04]} 13. h3 {[%emt 0:00:05]} Ba6 {[%emt 0:00:20]} 14. Nc2 {[%emt 0:00:03]} Nd3
{[%emt 0:03:34]} 15. Nb4 {[%emt 0:00:03]} Nxb4 {[%emt 0:00:02]} 16. cxb4 {
[%emt 0:00:02]} Qc4 {[%emt 0:01:33]} 17. Qd2 {[%emt 0:01:22]} Rac8 {[%emt 0:01:
28]} 18. a4 {[%emt 0:00:19]} Bb7 {[%emt 0:05:57]} 19. b5 {[%emt 0:07:00]} d4 {
[%emt 0:02:00]} 20. Qxd4 {[%emt 0:00:05]} Qe6 {[%emt 0:00:22]} 21. Qg4 {
[%emt 0:02:31]} Qxg4 {[%emt 0:05:49]} 22. hxg4 {[%emt 0:00:04]} Bxf3 {[%emt 0:
00:56]} 23. gxf3 {[%emt 0:00:02]} Bxe5 {[%emt 0:00:01]} 24. Bh6 {[%emt 0:06:36]
} Bxb2 {[%emt 0:00:01]} 25. Ra2 {[%emt 0:00:06]} Bg7 {[%emt 0:01:12]} 26. Bxg7
{[%emt 0:00:04]} Kxg7 {[%emt 0:00:01]} 27. Rxe7 {[%emt 0:00:01]} Rfe8 {[%emt 0:
00:01]} 28. Rxa7 {[%emt 0:05:00]} Re1+ {[%emt 0:00:41]} 29. Kg2 {[%emt 0:00:54]
} Rcc1 {[%emt 0:00:02]} 30. f4 {[%emt 0:01:04]} Rg1+ {[%emt 0:00:45]} 31. Kf3 {
[%emt 0:00:15]} h5 {[%emt 0:00:23]} 32. gxh5 {[%emt 0:00:26]} gxh5 {[%emt 0:00:
02]} 33. Ra3 {[%emt 0:01:16]} h4 {[%emt 0:00:59]} 34. Ke4 {[%emt 0:00:20]} Rc4+
{[%emt 0:05:49]} 35. Kf5 {[%emt 0:02:21]} Rc5+ {[%emt 0:00:01]} 36. Ke4 {
[%emt 0:00:02]} Rc4+ {[%emt 0:00:21]} 37. Kf5 {[%emt 0:00:03]} Rc5+ {[%emt 0:
00:01]} 38. Ke4 {[%emt 0:01:31]} Rh1 {[%emt 0:00:28]} 39. Rb7 {[%emt 0:09:34]}
Rc4+ {[%emt 0:03:30]} 40. Kf5 {[%emt 0:00:07]} Rc5+ {[%emt 0:00:02]} 41. Kg4 {
[%emt 0:00:34]} Rcc1 {[%emt 0:00:12]} 42. Rh3 {[%emt 0:03:35]} Rhg1+ {[%emt 0:
01:27]} 43. Kxh4 {[%emt 0:02:40]} Rg6 {[%emt 0:00:06]} 44. Rd7 {[%emt 0:00:33]}
Rcg1 {[%emt 0:02:17]} 45. Rd5 {[%emt 0:00:11]} Kf8 {[%emt 0:00:07]} 46. Rg5 {
[%emt 0:00:33]} Rh6+ {[%emt 0:00:12]} 47. Rh5 {[%emt 0:00:02]} Rhg6 {[%emt 0:
00:23]} 48. Rg5 {[%emt 0:00:06]} Rh6+ {[%emt 0:00:33]} 49. Rh5 {[%emt 0:00:02]}
Rf6 {[%emt 0:00:20]} 50. f5 {[%emt 0:00:56]} Rd6 {[%emt 0:00:01]} 51. Rg3 {
[%emt 0:00:23]} Rd4+ {[%emt 0:00:45]} 52. Kg5 {[%emt 0:00:06]} Rc1 {[%emt 0:00:
17]} 53. Rh6 {[%emt 0:00:57]} Rxa4 {[%emt 0:00:12]} 54. Rxb6 {[%emt 0:00:10]}
Rd4 {[%emt 0:00:09]} 55. Rb8+ {[%emt 0:00:09]} Ke7 {[%emt 0:00:01]} 56. Re3+ {
[%emt 0:00:09]} Kd7 {[%emt 0:00:03]} 57. Rb7+ {[%emt 0:00:10]} Kd8 {[%emt 0:00:
25]} 58. Rxf7 {[%emt 0:00:10]} Rg1+ {[%emt 0:00:01]} 59. Rg3 {[%emt 0:00:03]}
Rb1 {[%emt 0:00:05]} 60. Ra7 {[%emt 0:00:40]} Kc8 {[%emt 0:00:28]} 61. Rh3 {
[%emt 0:00:16]} Rg1+ {[%emt 0:00:06]} 62. Kf6 {[%emt 0:00:02]} Kb8 {[%emt 0:00:
07]} 63. Re7 {[%emt 0:00:07]} Rd6+ {[%emt 0:00:05]} 64. Kf7 {[%emt 0:00:07]}
Rd8 {[%emt 0:00:02]} 65. Rg3 {[%emt 0:00:14]} Rf1 {[%emt 0:00:11]} 66. Rg2 {
[%emt 0:00:06]} Rb1 {[%emt 0:00:06]} 67. f6 {[%emt 0:00:10]} Rxb5 {[%emt 0:00:
02]} 68. Rg8 {[%emt 0:00:05]} Kc8 {[%emt 0:00:05]} 69. Rxd8+ {[%emt 0:00:13]}
Kxd8 {[%emt 0:00:00]} 70. Re2 {[%emt 0:00:03]} Rg5 {[%emt 0:00:16]} 71. Kf8 {
[%emt 0:00:02]} Kd7 {[%emt 0:00:02]} 72. f7 {[%emt 0:00:10]} Rg4 {[%emt 0:00:
14]} 73. Re1 {[%emt 0:00:12]} Ra4 {[%emt 0:00:14]} 74. Rg1 {[%emt 0:00:07]} Ke6
{[%emt 0:00:14]} 75. Rg6+ {[%emt 0:00:07]} Kf5 {[%emt 0:00:04]} 76. Kg7 {
[%emt 0:00:03]} Ra7 {[%emt 0:00:02]} 77. Rb6 {[%emt 0:00:09]} Kg5 {[%emt 0:00:
09]} 78. Kg8 {[%emt 0:00:04]} 1-0

[Event "FIDE Women World-chT-KO 2021"]
[Site "Sitges"]
[Date "2021.10.01"]
[Round "2.2"]
[White "Batsiashvili, Nino"]
[Black "Vaishali R"]
[Result "0-1"]
[WhiteElo "2486"]
[BlackElo "2414"]
[Annotator "ChessBase"]
[PlyCount "86"]
[EventDate "2021.09.30"]
[EventType "team-tourn"]
[EventCountry "ESP"]
[SourceTitle "playchess.com"]
[Source "ChessBase"]
[SourceQuality "1"]
[WhiteTeam "Georgia"]
[BlackTeam "India"]
[WhiteTeamCountry "GEO"]
[BlackTeamCountry "IND"]
[TimeControl "2700+10"]

1. c4 {[%emt 0:00:03]} e5 {[%emt 0:00:22]} 2. Nc3 {[%emt 0:00:03]} Bb4 {
[%emt 0:00:04]} 3. Nd5 {[%emt 0:00:02]} Be7 {[%emt 0:00:04]} 4. b3 {[%emt 0:02:
34]} Nf6 {[%emt 0:00:46]} 5. Nxe7 {[%emt 0:00:46]} Qxe7 {[%emt 0:00:03]} 6. Bb2
{[%emt 0:00:01]} O-O {[%emt 0:01:22]} 7. e3 {[%emt 0:00:02]} c6 {[%emt 0:00:46]
} 8. Nf3 {[%emt 0:00:35]} e4 {[%emt 0:00:18]} 9. Nd4 {[%emt 0:00:21]} d5 {
[%emt 0:00:14]} 10. cxd5 {[%emt 0:00:53]} Nxd5 {[%emt 0:05:44]} 11. Be2 {
[%emt 0:04:48]} c5 {[%emt 0:04:04]} 12. Nc2 {[%emt 0:00:36]} Qg5 {[%emt 0:00:
20]} 13. g3 {[%emt 0:00:48]} Bh3 {[%emt 0:00:18]} 14. f4 {[%emt 0:02:20]} exf3
{[%emt 0:03:00]} 15. Bxf3 {[%emt 0:00:02]} Nc6 {[%emt 0:00:03]} 16. Kf2 {
[%emt 0:05:55]} Rad8 {[%emt 0:01:11]} 17. Re1 {[%emt 0:01:06]} Ncb4 {[%emt 0:
02:48]} 18. Nxb4 {[%emt 0:00:02]} Nxb4 {[%emt 0:00:02]} 19. d4 {[%emt 0:00:04]}
cxd4 {[%emt 0:00:31]} 20. Bxd4 {[%emt 0:01:43]} Qf5 {[%emt 0:11:22]} 21. Kg1 {
[%emt 0:03:20]} Nd3 {[%emt 0:01:02]} 22. Rf1 {[%emt 0:00:52]} Bxf1 {[%emt 0:00:
12]} 23. Qxf1 {[%emt 0:00:02]} b6 {[%emt 0:01:19]} 24. g4 {[%emt 0:01:29]} Qg6
{[%emt 0:00:21]} 25. Qg2 {[%emt 0:01:03]} Nf4 {[%emt 0:00:23]} 26. Qg3 {
[%emt 0:02:28]} Ne6 {[%emt 0:00:03]} 27. Be5 {[%emt 0:00:32]} Rd2 {[%emt 0:00:
26]} 28. Rc1 {[%emt 0:02:10]} Qd3 {[%emt 0:00:26]} 29. Re1 {[%emt 0:01:26]} Ng5
{[%emt 0:00:46]} 30. Bg2 {[%emt 0:01:12]} Rd1 {[%emt 0:00:14]} 31. Rf1 Rxf1+ {
[%emt 0:00:32]} 32. Bxf1 {[%emt 0:00:27]} Qe4 {[%emt 0:00:03]} 33. Bf4 {
[%emt 0:03:35]} Ne6 {[%emt 0:00:05]} 34. Bb8 {[%emt 0:00:59]} Rd8 {[%emt 0:00:
11]} 35. Bd6 {[%emt 0:01:27]} Qc2 {[%emt 0:01:02]} 36. Qe5 {[%emt 0:02:44]} Qd1
{[%emt 0:00:37]} 37. Be7 {[%emt 0:01:23]} Qxg4+ {[%emt 0:00:06]} 38. Kh1 {
[%emt 0:00:17]} Qf3+ {[%emt 0:00:05]} 39. Kg1 {[%emt 0:00:01]} Rd1 {[%emt 0:00:
11]} 40. Qb8+ {[%emt 0:00:06]} Nd8 {[%emt 0:00:02]} 41. Qxd8+ {[%emt 0:00:56]}
Rxd8 {[%emt 0:00:02]} 42. Bxd8 {[%emt 0:00:01]} Qxe3+ {[%emt 0:00:05]} 43. Kg2
{[%emt 0:00:06]} Qd2+ {[%emt 0:00:01]} 0-1

[Event "FIDE Women World-chT-KO 2021"]
[Site "Sitges"]
[Date "2021.10.01"]
[Round "2.2"]
[White "Javakhishvili, Lela"]
[Black "Gomes, Mary Ann"]
[Result "1-0"]
[WhiteElo "2465"]
[BlackElo "2354"]
[Annotator "ChessBase"]
[PlyCount "123"]
[EventDate "2021.09.30"]
[EventType "team-tourn"]
[EventCountry "ESP"]
[SourceTitle "playchess.com"]
[Source "ChessBase"]
[SourceQuality "1"]
[WhiteTeam "Georgia"]
[BlackTeam "India"]
[WhiteTeamCountry "GEO"]
[BlackTeamCountry "IND"]
[TimeControl "2700+10"]

1. d4 {[%emt 0:00:03]} Nf6 {[%emt 0:00:07]} 2. c4 {[%emt 0:00:03]} e6 {[%emt 0:
00:06]} 3. Nf3 {[%emt 0:00:04]} Bb4+ {[%emt 0:00:05]} 4. Bd2 {[%emt 0:00:06]}
Qe7 {[%emt 0:00:10]} 5. g3 {[%emt 0:00:03]} Bxd2+ {[%emt 0:00:19]} 6. Qxd2 {
[%emt 0:00:37]} Nc6 {[%emt 0:00:16]} 7. Bg2 {[%emt 0:00:09]} d5 {[%emt 0:00:15]
} 8. b3 {[%emt 0:00:56]} O-O {[%emt 0:01:02]} 9. O-O {[%emt 0:00:03]} dxc4 {
[%emt 0:00:42]} 10. bxc4 {[%emt 0:00:02]} e5 {[%emt 0:00:07]} 11. d5 {[%emt 0:
00:17]} Nb8 {[%emt 0:00:01]} 12. Qb2 {[%emt 0:00:51]} Re8 {[%emt 0:00:17]} 13.
Nc3 {[%emt 0:01:07]} Na6 {[%emt 0:00:22]} 14. Nd2 {[%emt 0:00:19]} Nc5 {
[%emt 0:00:23]} 15. e4 {[%emt 0:02:09]} Rb8 {[%emt 0:00:27]} 16. Nb3 {[%emt 0:
00:52]} a6 {[%emt 0:01:58]} 17. Rfd1 {[%emt 0:02:33]} Qd6 {[%emt 0:04:47]} 18.
Rac1 {[%emt 0:00:29]} Nfd7 {[%emt 0:03:41]} 19. Qe2 {[%emt 0:01:15]} b6 {
[%emt 0:07:16]} 20. Qe3 {[%emt 0:00:58]} Nxb3 {[%emt 0:00:59]} 21. axb3 {
[%emt 0:00:03]} Nc5 {[%emt 0:01:11]} 22. b4 {[%emt 0:03:45]} Nb3 {[%emt 0:02:
24]} 23. Nb5 {[%emt 0:05:48]} Qxb4 {[%emt 0:00:59]} 24. Rb1 {[%emt 0:01:57]}
axb5 {[%emt 0:00:24]} 25. Rxb3 {[%emt 0:00:13]} Qxc4 {[%emt 0:06:15]} 26. Rc1 {
[%emt 0:06:54]} Qa4 {[%emt 0:00:26]} 27. Rxc7 {[%emt 0:00:41]} Rb7 {[%emt 0:01:
37]} 28. Rc1 {[%emt 0:01:37]} Bd7 {[%emt 0:00:21]} 29. Bf1 {[%emt 0:00:22]} Ra8
{[%emt 0:02:30]} 30. Rcb1 {[%emt 0:00:17]} Ra5 {[%emt 0:00:21]} 31. Rb4 {
[%emt 0:00:30]} Qc2 {[%emt 0:01:06]} 32. Rc1 {[%emt 0:00:18]} Qa2 {[%emt 0:00:
06]} 33. Qc3 {[%emt 0:00:46]} f6 {[%emt 0:02:46]} 34. Bxb5 {[%emt 0:00:04]} Ra3
{[%emt 0:00:18]} 35. Qb2 {[%emt 0:03:04]} Qxb2 {[%emt 0:01:41]} 36. Rxb2 {
[%emt 0:00:02]} Bxb5 {[%emt 0:00:02]} 37. Rxb5 {[%emt 0:00:01]} Ra5 {[%emt 0:
00:03]} 38. Rb2 {[%emt 0:01:02]} Ra8 {[%emt 0:00:57]} 39. Rcb1 {[%emt 0:00:43]}
Rab8 {[%emt 0:00:01]} 40. Rb5 {[%emt 0:00:01]} Kf7 {[%emt 0:00:01]} 41. Rc1 {
[%emt 0:00:01]} Ra8 {[%emt 0:01:45]} 42. Rc6 {[%emt 0:00:02]} Ra6 {[%emt 0:00:
02]} 43. Kg2 {[%emt 0:00:16]} Ke7 {[%emt 0:00:29]} 44. f4 {[%emt 0:02:47]} exf4
{[%emt 0:01:10]} 45. gxf4 {[%emt 0:00:02]} Ra4 {[%emt 0:00:27]} 46. Kf3 {
[%emt 0:00:15]} Ra3+ {[%emt 0:00:02]} 47. Kf2 {[%emt 0:00:23]} Ra4 {[%emt 0:00:
08]} 48. Ke3 {[%emt 0:00:55]} Ra3+ {[%emt 0:00:32]} 49. Kd4 {[%emt 0:00:07]}
Rf3 {[%emt 0:00:37]} 50. f5 {[%emt 0:00:06]} Rh3 {[%emt 0:00:31]} 51. Re6+ {
[%emt 0:00:35]} Kd7 {[%emt 0:00:13]} 52. Rexb6 {[%emt 0:00:57]} Rxb6 {[%emt 0:
00:02]} 53. Rxb6 {[%emt 0:00:01]} Rxh2 {[%emt 0:00:06]} 54. Rb7+ {[%emt 0:00:
12]} Kd6 {[%emt 0:00:19]} 55. Rxg7 {[%emt 0:00:02]} Rh1 {[%emt 0:00:11]} 56.
Rf7 {[%emt 0:00:39]} Rh6 {[%emt 0:00:37]} 57. Rxf6+ {[%emt 0:00:54]} Rxf6 {
[%emt 0:00:12]} 58. e5+ {[%emt 0:00:01]} Ke7 {[%emt 0:00:09]} 59. exf6+ {
[%emt 0:00:02]} Kxf6 {[%emt 0:00:03]} 60. d6 {[%emt 0:00:09]} Kf7 {[%emt 0:00:
19]} 61. Ke5 {[%emt 0:00:01]} h5 {[%emt 0:00:07]} 62. f6 {[%emt 0:00:25]} 1-0